000 01783nam a22002777a 4500
001 3355
003 FISKH
005 20240229103629.0
008 240229b cb ||||| |||| 00| 0 eng d
020 _a9780948164224
040 _aFISKH
_beng
_cFISKH
_dFISKH
050 _aPS648.S3
082 _a813
100 _aAsimov, Isaac
245 _aThe mammoth book of short science fiction novels /
_cPresented by Isaac Asimov ; Edited by Isaac Asimov, Martin H. Greenberg and Charles G. Waugh
250 _aThis edition published 1988
260 _aLondon :
_bRobinson Publishing,
_c1986
300 _a574 pages :
_c20 cm
490 _aMammoth Science Fiction
520 _aThe Mammoth Book of "Vintage Science Fiction" is a collection of 10 short stories (i.e. around 50 pages each) from the 1950's. The authors contained in this volume include renowed sci-fi writers such as Asimov, Walter M. Miller (author of "Canticle for Lebowitz), Poul Anderson, Theodore Sturgeon, and Philip Jose Farmer; and it is edited by Asimov. The collection features some great sci-fi - some of which is nostalgic, but it in a good way - while other stories actually seem quite timeless. The "Mammoth" Sci books (by Carroll & Graf Sci-Fi) are actually a series of 6 volumes from the Classic sci-fi of the 1930's, through Modern Sci-fi of the 80's. Based on this volume, and some of the titles in the 60's volume, it's too bad these volumes are out of circulation and somewhat difficult to find. This is a great collection of page-turning stories, and would make a good gift for Sci-Fi fans, young and old!
650 _aAnthology
_xShort Stories
_yScience Fiction
700 _aGreenberg, Martin H.
_eEditor
700 _aWaugh, Charles G.
_eEditor
942 _2ddc
_cBK
_n0
999 _c3355
_d3355